Les lipides et leur métabolisme postprandial - Statistiques

Statistiques générales
  • Ce quiz a été pris 17 fois
  • Le résultat moyen est 6 sur 15
Statistiques - réponses
Question Réponse % Correct
Quelle enzyme pancréatique est indispensable à la digestion des triglycérides ? Lipase pancréatique
81%
Quels sont les principaux lipides alimentaires ? Triglycérides, phospholipides et cholestérol estérifié
75%
Quelle lipoprotéine est formée dans l’entérocyte après la digestion lipidique ? Chylomicron
69%
Quelle enzyme hydrolyse les triglycérides des chylomicrons dans le tissu adipeux ? Lipoprotéine lipase (LPL)
63%
Quelle est la fonction principale du cholestérol libre dans une lipoprotéine ? Stabiliser la membrane de la lipoprotéine
63%
Quelle voie métabolique permet la synthèse de triglycérides à partir du glucose excédentaire ? Lipogenèse
44%
Dans les adipocytes, à partir de quels substrats se fait la lipogenèse ? Glycérol-3-phosphate et acides gras activés
38%
Quelle séquence décrit correctement la lipogenèse hépatique de novo à partir du glucose ? Glycolyse → Acétyl-CoA mitochondrial → Navette citrate → Synthèse d’acides gras
38%
Quelle enzyme est inhibée par un excès de cholestérol dans l’hépatocyte ? HMG-CoA réductase
31%
Où les chylomicrons sont-ils absorbés après leur libération par les entérocytes ? Vaisseaux lymphatiques chylifères
31%
Quelle molécule assure le transport plasmatique des acides gras à chaîne courte ou moyenne ? Albumine
25%
Quelle enzyme hydrolyse les phospholipides alimentaires dans le tube digestif ? Phospholipase A₂
25%
Quelle est la particularité des acides gras à chaîne courte (AGCC) comme le butyrate ? Ils diffusent directement vers les capillaires sanguins
19%
Dans quelle lipoprotéine retrouve-t-on le cholestérol estérifié des chylomicrons après leur captation hépatique ? HDL
13%
Quels sont les produits de l’hydrolyse d’un triglycéride alimentaire ? Acides gras libres et 2-monoacylglycérol
0%
Aucun quiz correspondant
Distribution des résultats
% des personnes avec chaque résultat
Percentile par nombre de réponses
Votre historique - résultats
Vous n’avez pas pris ce quiz